Ιστορία των νομισμάτων : ήτοι εγχειρίδιον ελληνικής νομισματικής
Αποθηκεύτηκε σε:
| Κύριος συγγραφέας: | |
|---|---|
| Άλλοι συγγραφείς: | |
| Μορφή: | Βιβλίο |
| Γλώσσα: | Greek English |
| Δημοσίευση: |
Εν Αθήναις :
Τύποις Π. Δ. Σακελλαρίου,
1898.
|
| Σειρά: | Βιβλιοθήκη Μαρασλή
|
| Θέματα: | |
| Ετικέτες: |
Προσθήκη ετικέτας
Δεν υπάρχουν, Καταχωρήστε ετικέτα πρώτοι!
|
MARC
| LEADER | 00000cam a2200000 i 4500 | ||
|---|---|---|---|
| 001 | 1/61621 | ||
| 008 | 141211s1898 gr | ||| |||| ||gre|| | ||
| 035 | |l 10120086 | ||
| 040 | |a GR-MyUA |b gre |e AACR2 | ||
| 041 | 1 | |a gre |h eng | |
| 082 | 7 | |a 737.4 |2 (23) | |
| 100 | 1 | |a Head, Barclay V. |q (Barclay Vincent), |d 1844-1914. | |
| 245 | 1 | 0 | |a Ιστορία των νομισμάτων : |b ήτοι εγχειρίδιον ελληνικής νομισματικής / |c Barclay V. Head ; μεταφρασθέν εκ της αγγλικής και συμπληρωθέν υπό Ιωάννου Ν. Σβορώνου. |
| 260 | |a Εν Αθήναις : |b Τύποις Π. Δ. Σακελλαρίου, |c 1898. | ||
| 300 | |a [90] σ. : |b εικ. ; |c 26 εκ. + |e πίνακες νομισμάτων (Α-ΛΕ') | ||
| 490 | 1 | |a (Βιβλιοθήκη Μαρασλή) | |
| 500 | |a Από τον πρώτο τόμο λείπουν τα εξώφυλλα και μέρος του βιβλίου. Είναι ελλιπές. Υπάρχει μόνο ένα μέρος από την εισαγωγή μέχρι την σελίδα π΄. Στο recto του βιβλίου σφραγίδα "Πορφυριάς Αστική Σχολή Καρλοβασίων" με αρ. 762. | ||
| 500 | |a Στο εξώφυλλο του τόμου που περιέχει τους πίνακες νομισμάτων σφραγίδα "Πορφυριάς Εμπορική Σχολή Καρλοβασίων" αρ. 806. | ||
| 505 | 0 | |a Πίνακες Α'-ΛΕ'. | |
| 650 | 0 | 0 | |a Coins, Ancient |z Greece. |
| 650 | 0 | 0 | |a Coins, Ancient |x Catalogs. |
| 700 | 1 | |a Σβορώνος, Ιωάννης Ν. |e trl | |
| 830 | 0 | |a Βιβλιοθήκη Μαρασλή | |
| 852 | |a INST |b SAMOS |c PORFYRIADA |e 20141211 |h 737.4 HEA |p 005300040934 |q 005300040934 |t NOLOAN |y 23 | ||
| 852 | |a INST |b SAMOS |c PORFYRIADA |e 20150925 |h 737.4 HEA |p 005300042831 |q 005300042831 |t NOLOAN |y 23 | ||
| 901 | |a BIBL3-2014-3 | ||
| 909 | |a Σ |b 185547 | ||
| 970 | |a ΣΙΤΖΙΜΗ |b ΓΙΑΣΕΜΗ |z 2014/12/11 | ||